Creatures—Which Mythology? - Statistics

General Stats
  • This quiz has been taken 74 times
    71 since last reset
  • The average score is 9 of 15
Answer Stats
Question Answer % Correct
Minotaur Greek
95%
Valkyrie Norse
92%
Fenrir Norse
86%
Banshee Celtic
80%
Migoi Tibetan
78%
Sphinx Egyptian
74%
Charybdis Greek
69%
Nemean Lion Greek
58%
Lares Roman
55%
Selkie Celtic
52%
Kappa Japanese
52%
Leviathan Mesopotamian
45%
Thunderbird Native American
42%
Cipactli Mexica
31%
Amaru Incan
23%
No matching quizzes found
Score Distribution
Percent of People with Each Score
Percentile by Number Answered
Your Score History
You have not taken this quiz since the last reset